Statistics for All Territories

Click here to take the quiz!

General Stats

  • This quiz has been taken 35 times
  • The average score is 37 of 99

Answers on the Map

Answers color-coded by a green-red scale on the quiz's map according to % correct below.
 

Answer Stats

Answer% Correct
Puerto Rico
79%
Aruba
76%
Curacao
76%
British Virgin Islands
72%
Christmas Island
69%
Falkland Islands
69%
Reunion
69%
French Polynesia
66%
Greenland
66%
Saint Martin
66%
Faroe Islands
62%
Guam
62%
Martinique
62%
New Caledonia
62%
American Samoa
59%
French Guiana
59%
Guadeloupe
59%
Jersey
59%
Northern Mariana Islands
59%
Tokelau
59%
Anguilla
55%
Cook Islands
55%
Gibraltar
55%
Hong Kong
55%
Macau
55%
Mayotte
55%
Bermuda
52%
Bonaire
52%
Canary Islands
52%
Cayman Islands
52%
Easter Island
52%
Guernsey
52%
Montserrat
52%
Svalbard
52%
Isle of Man
48%
Niue
48%
Norfolk Island
48%
Sint Maarten
48%
Turks & Caicos Islands
48%
Abkhazia
45%
Galapagos Islands
45%
Northern Cyprus
45%
Palestine
45%
Saint Barthelemy
45%
Wallis & Futuna
45%
Saint Pierre & Miquelon
41%
Transnistria
41%
British Indian Ocean Territory
38%
Pitcairn Islands
38%
Sint Eustatius
38%
South Ossetia
38%
United States Virgin Islands
38%
Artsakh
34%
British Antarctic Territory
34%
Ceuta
34%
Melilla
34%
Saba
34%
Chilean Antarctic Territory
31%
Aland
28%
Australian Antarctic Territory
28%
Madeira
28%
Somaliland
28%
South Georgia & the South Sandwich Islands
28%
Wake Island
28%
Cocos (Keeling) Islands
24%
French Southern & Antarctic Lands
24%
Northern Ireland
24%
Akrotiri & Dhekelia
21%
Johnston Atoll
21%
Ashmore & Cartier Islands
17%
Clipperton Island
17%
Coral Sea Islands
17%
Howland Island
17%
Midway Atoll
17%
Navassa Island
17%
Argentine Antarctica
14%
Bouvet Island
14%
Jarvis Island
14%
Kingman Reef
14%
Palmyra Atoll
14%
Queen Maud Land
14%
Ross Dependency
14%
Bajo Nuevo Bank
10%
Baker Island
10%
Pelagie Islands
10%
Peter I Island
10%
Sahrawi Arab Democratic Republic
10%
Saint Helena, Ascension & Tristan da Cunha
10%
Serranilla Bank
10%
West Papua
10%
Adelie Land
7%
Federal Dependencies
7%
Marie Byrd Land
7%
Nueva Esparta
7%
Ogasawara Village
7%
Papua
7%
Plazas de Soberania
7%
San Andres & Providencia
7%
Socotra Archipelago
7%

Score Distribution

Percentile by Number Answered

Percent of People with Each Score

Your Score History

You have not taken this quiz